| 000 | 01007cam a2200313 i 4500 | ||
|---|---|---|---|
| 001 | 016471985 | ||
| 003 | EG-ScBUE | ||
| 005 | 20230621115725.0 | ||
| 008 | 130619s2013 enk f b f001 0 eng d | ||
| 020 | _a9780199686063 (pbk.) | ||
| 040 |
_aStDuBDS _beng _erda _cStDuBDS _dEG-ScBUE |
||
| 082 | 0 | 4 |
_a907.2 _222 _bOXF |
| 245 | 0 | 4 |
_aThe Oxford handbook of world history / _cedited by Jerry H. Bentley. |
| 246 | 3 | 0 | _aWorld history |
| 264 | 1 |
_aOxford : _bOxford University Press, _c2013. |
|
| 300 |
_axi, 613 pages ; _c25 cm |
||
| 336 |
_2rdacontent _atext _btxt |
||
| 337 |
_2rdamedia _aunmediated _bn |
||
| 338 |
_2rdacarrier _avolume _bnc |
||
| 500 | _aOriginally published: 2011. | ||
| 504 | _aIncludes bibliographical references and index. | ||
| 650 | 7 |
_aWorld history. _2BUEsh _910193 |
|
| 650 | 7 |
_aHistoriography. _2BUEsh _91354 |
|
| 651 | _2BUEsh | ||
| 653 |
_bBUSBOL _cMay2016 |
||
| 655 | _vReading book | ||
| 700 | 1 |
_aBentley, Jerry H., _d1949- _eeditor of compilation. _96181 |
|
| 942 |
_2ddc _cBB |
||
| 999 |
_c21694 _d21666 |
||